Stories Told in a Single Day Quiz Stats

Quiz Updated Sep 2, 2015

Challenge
Share
Tweet
Score 0/10 Timer 04:00
6 Plays Today
% Correct
Ulysses
91.4%
One Day in the Life of Ivan Denisovich
83.3%
Mrs. Dalloway
82.3%
Do Androids Dream of Electric Sheep?
73.2%
The Hours*
38.5%
After Dark
35.4%
A Single Man
33.2%
Saturday
32.1%
Under the Volcano
30.9%
Seize the Day
29.1%

You're not logged in!

Compare scores with friends on all Sporcle quizzes.
Sign Up with Email
OR
Log In

You Might Also Like...

Show Comments

Extras

Top Quizzes Today


Score Distribution

Your Account Isn't Verified!

In order to create a playlist on Sporcle, you need to verify the email address you used during registration. Go to your Sporcle Settings to finish the process.